The business "MindFrame" : (Record no. 1672)

MARC details
000 -LEADER
fixed length control field 01421cam a2200397 a 4500
001 - CONTROL NUMBER
control field data
005 - DATE AND TIME OF LATEST TRANSACTION
control field 20260322212112.0
008 - FIXED-LENGTH DATA ELEMENTS--GENERAL INFORMATION
fixed length control field data
035 ## - SYSTEM CONTROL NUMBER
System control number 18177412
010 ## - LIBRARY OF CONGRESS CONTROL NUMBER
LC control number 2013478725
020 ## - INTERNATIONAL STANDARD BOOK NUMBER
International Standard Book Number 9781938368097
020 ## - INTERNATIONAL STANDARD BOOK NUMBER
International Standard Book Number 1938368096
035 ## - SYSTEM CONTROL NUMBER
System control number (OCoLC)882475160
040 ## - CATALOGING SOURCE
Original cataloging agency Nz
Language of cataloging eng
Transcribing agency UW1
Modifying agency DLC
-- OCLCF
-- DLC
042 ## - AUTHENTICATION CODE
Authentication code lccopycat
050 00 - LIBRARY OF CONGRESS CALL NUMBER
Classification number HD31
Item number .H79 2013
082 04 - DEWEY DECIMAL CLASSIFICATION NUMBER
Classification number 658
Edition information 23
100 1# - MAIN ENTRY--PERSONAL NAME
Personal name Hui, Baldwin,
Relator term author.
245 14 - TITLE STATEMENT
Title The business "MindFrame" :
Remainder of title "the general truth of business" redefining business management knowledge /
Statement of responsibility, etc. Baldwin Hui, Andrew Siu, Gary Ching.
264 #1 - PRODUCTION, PUBLICATION, DISTRIBUTION, MANUFACTURE, AND COPYRIGHT NOTICE
Place of production, publication, distribution, manufacture New York :
Name of producer, publisher, distributor, manufacturer SCPG Publishing Corporation,
Date of production, publication, distribution, manufacture, or copyright notice [2013].
300 ## - PHYSICAL DESCRIPTION
Extent [1 folded leaf], 306 pages :
Other physical details illustrations ;
Dimensions 24 cm.
336 ## - CONTENT TYPE
Content type term text
Source rdacontent
337 ## - MEDIA TYPE
Media type term unmediated
Source rdamedia
338 ## - CARRIER TYPE
Carrier type term volume
Source rdacarrier
504 ## - BIBLIOGRAPHY, ETC. NOTE
Bibliography, etc. note Includes bibliographical references and index.
650 #0 - SUBJECT ADDED ENTRY--TOPICAL TERM
Topical term or geographic name entry element Management.
650 #0 - SUBJECT ADDED ENTRY--TOPICAL TERM
Topical term or geographic name entry element Industrial management.
650 #7 - SUBJECT ADDED ENTRY--TOPICAL TERM
Topical term or geographic name entry element Industrial management.
Source of heading or term fast
Authority record control number or standard number (OCoLC)fst00971246
650 #7 - SUBJECT ADDED ENTRY--TOPICAL TERM
Topical term or geographic name entry element Management.
Source of heading or term fast
Authority record control number or standard number (OCoLC)fst01007141
700 1# - ADDED ENTRY--PERSONAL NAME
Personal name Siu, Andrew,
Relator term author.
700 1# - ADDED ENTRY--PERSONAL NAME
Personal name Ching, Gary,
Relator term author.
906 ## - LOCAL DATA ELEMENT F, LDF (RLIN)
a 7
b cbc
c copycat
d 2
e ncip
f 20
g y-gencatlg
925 0# -
-- acquire
-- 2 shelf copies
-- policy default
Holdings
Withdrawn status Lost status Damaged status Not for loan Home library Current library Shelving location Date acquired Total checkouts Full call number Barcode Date last seen Price effective from Koha item type
        Springfield Springfield General stacks 22/03/2026   658 LOC-SPL-00015 22/03/2026 22/03/2026 Books